Statistics for Top Savings Countries

Click here to take the quiz!

General Stats

  • This quiz has been taken 56 times
  • The average score is 17 of 26

Answer Stats

HintAnswer% Correct
50.35%AsiaChina
92%
AsiaSouth Korea
91%
48.74%AsiaSingapore
85%
AsiaIndia
81%
AsiaIndonesia
81%
AsiaOman
79%
AsiaUnited Arab Emirates
79%
57.63%AsiaQatar
77%
55.05%AsiaKuwait
75%
AsiaSaudi Arabia
74%
AsiaVietnam
74%
AsiaTaiwan
72%
49.61%AsiaIran
70%
AsiaMalaysia
70%
AsiaNepal
64%
54.31%AfricaAlgeria
60%
AfricaLibya
60%
AsiaBhutan
55%
AsiaMongolia
55%
AsiaUzbekistan
45%
43.39%AsiaAzerbaijan
43%
AfricaBotswana
40%
41.23%AfricaGabon
40%
52.2%AfricaEquatorial Guinea
36%
EuropeNorway
34%
AfricaZambia
28%

Score Distribution

Percentile by Number Answered

Percent of People with Each Score

Your Score History

You have not taken this quiz